Statistics for Alabama... or Mississippi?

Click here to take the quiz!

General Stats

  • This quiz has been taken 41 times
  • The average score is 13 of 18

Answer Stats

QuestionAnswer% Correct
Jackson is its state capitalMississippi
97%
Its largest coastal city is called MobileAlabama
97%
Borders the state of TennesseeBoth
87%
Recently retired its flag for containing a Confederate battle flagMississippi
84%
Where Elvis was bornMississippi
82%
Gets an average annual precipitation above 120 cmBoth
82%
George Wallace was its GovernorAlabama
79%
Is more populousAlabama
79%
Cotton was it main cash crop prior to the Civil WarBoth
79%
The Appalachian Mountains runs through itAlabama
74%
Southern Baptist is its largest Protestant denominationBoth
74%
Over 20% of its population is African-AmericanBoth
71%
Has a lower income taxMississippi
66%
Its seal depicts a map of itselfAlabama
63%
Has nation's highest church attendanceMississippi
55%
Has a river with the namesake of itselfBoth
37%
Has a shorter coastlineMississippi
32%
Became a state firstMississippi
26%

Score Distribution

Percentile by Number Answered

Percent of People with Each Score

Your Score History

You have not taken this quiz